1652 1856 1971 1375 1835 1410 1886 1833 1682 1985 1193 1979 1210 1710 1205 1809 1234 1854 1476 1584 1459 1594 1146 1817 1292 1616 1463 1724 1490 1988 1744 1553 1461 1182 1635 1249 1761 1439 1270 1735 1057 1047 1946 1194 1205 1130 1979 1926 1089 1376 1875 1819 1468 1543 1514 1300 1629 1091 1119 1009 1467 1272 1823 1885 1306 1637 1885 1817 1714 1090 1637 1799 1738 1839 1176 1180 1988 1088 1651 1723 1233 1138 1815 1471 1313 1755 1951 1215 1444 1544 1903 1263 1177 1700 1325 1786 1782 1676 1879 BCNSPRNW ULIB Ver.6.0+V

เปลี่ยนเป็นภาษาไทย

Change to English
 แสดงรายละเอียดบรรณานุกรม
  กลับหน้าหลัก

Brief Record : Get Marc (ISO 2709) : E-mail record : QR code < ปิดหน้าต่าง
LEADER : 00000nam 2200000uu 4500
001    13399124623
003     ULIB
008    151030s||||||||th 000 0 tha d
024    ^a9789747943856
050  0 ^aฺBQ4570^bบ273ธ
100 0  ^aบัว ญาณสัมปันโน^cพระมหา
245 10 ^aธรรมชุดเตรียมพร้อม /^cพระมหาบัว ญาณสัมปันโน
260    ^aกรุงเทพฯ :^bโรงพิมพ์มหามกุฏราชวิทยาลัย,^c2555
300    ^a316 หน้า
650  7 ^aพุทธศาสนา^xปาฐกถา
650  7 ^aธรรมะ
650  0  พระมหาบัว ญาณสัมปันโน, 2456-2554 -- เทศนา
700 0  ^aบัว ญาณสัมปันโน^cพระมหา
945    ^p0^l0^i000156
945    ^p0^l0^i001411
999    ^aเกษร โพธิ์สุวรรณ
รายการนี้ยังไม่มีแท็ก
คุณยังไม่ได้ล็อกอิน คุณสามารถมีกิจกรรมร่วมกับเว็บไซต์ได้ แต่ต้องล็อกอินก่อน ::
  ล็อกอิน

รายการสื่อสารสนเทศ

ลำดับที่ ประเภท เลขเรียก/บาร์โค้ด สถานที่ สถานะ
1. การศึกษาทั่วไป
การศึกษาทั่วไป
ฺBQ4570 บ273ธ ฉ.1 
  Barcode: 000156
ห้องสมุดวิทยาเขตสวรรค์ประชารักษ์
►หนังสือทั่วไป
บนชั้น
2. การศึกษาทั่วไป
การศึกษาทั่วไป
ฺBQ4570 บ273ธ ฉ.2 
  Barcode: 001411
ห้องสมุดวิทยาเขตสวรรค์ประชารักษ์
►หนังสือทั่วไป
บนชั้น

รายการใกล้เคียง
    หัวเรื่อง [ธรรมะ]

BibComment


ยังไม่เคยถูกคอมเมนท์

คอมเมนท์ทรัพยากรรายการนี้
  คอมเมนท์: ธรรมชุดเตรียมพร้..


 Copyright 2026. Bcnsprnw @Library